| 000 -LEADER | |
|---|---|
| fixed length control field | 00429nam a22001697a 4500 |
| 005 - DATE AND TIME OF LATEST TRANSACTION | |
| control field | 20160630122746.0 |
| 008 - FIXED-LENGTH DATA ELEMENTS--GENERAL INFORMATION | |
| fixed length control field | 160630b xxu||||| |||| 00| 0 eng d |
| 020 ## - INTERNATIONAL STANDARD BOOK NUMBER | |
| ISBN | 81-219-1666-6 |
| 041 ## - LANGUAGE CODE | |
| Language code of text/sound track or separate title | eng |
| 082 ## - DEWEY DECIMAL CLASSIFICATION NUMBER | |
| Item number | 19730 |
| 100 ## - MAIN ENTRY--AUTHOR NAME | |
| Personal name | Rajput, R K |
| 245 ## - TITLE STATEMENT | |
| Title | Fluid Mechanics & hydraulic machines |
| 260 ## - PUBLICATION, DISTRIBUTION, ETC. (IMPRINT) | |
| Place of publication | New Delhi |
| Name of publisher | Sultan Chand & Sons, |
| Year of publication | 2014 |
| 300 ## - PHYSICAL DESCRIPTION | |
| Number of Pages | 416 |
| 650 ## - SUBJECT ADDED ENTRY--TOPICAL TERM | |
| Topical Term | Diploma Engineering |
| 942 ## - ADDED ENTRY ELEMENTS (KOHA) | |
| Koha item type | Books |
| Lost status | Damaged status | Home library | Current library | Shelving location | Date acquired | Cost, normal purchase price | Full call number | Accession Number | Koha item type | Collection code |
|---|---|---|---|---|---|---|---|---|---|---|
| JRU Library | SHELF-42-E | 30/06/2016 | 800.00 | 19730 | 19730 | Books | ||||
| JRU Library | SHELF-42-B | 30/06/2016 | 800.00 | 19730 | 19731 | Books | ||||
| JRU Library | SHELF-72-A | 30/06/2016 | 800.00 | 19730 | 19732 | Books | Reference | |||
| JRU Library | SHELF-42-B | 30/06/2016 | 800.00 | 19730 | 19733 | Books | ||||
| JRU Library | SHELF-42-A | 30/06/2016 | 800.00 | 19730 | 19734 | Books | ||||
| JRU Library | 30/06/2016 | 800.00 | 19730 | 19735 | Books | |||||
| JRU Library | SHELF-42-B | 30/06/2016 | 800.00 | 19730 | 19736 | Books | ||||
| JRU Library | SHELF-42-B | 30/06/2016 | 800.00 | 19730 | 19737 | Books | ||||
| JRU Library | 30/06/2016 | 800.00 | 19730 | 19738 | Books | |||||
| JRU Library | SHELF-42-B | 30/06/2016 | 800.00 | 19730 | 19739 | Books |